रामायण-महाभारतःकाल,इतिहास,सिद्धान्त (Record no. 3030)
[ view plain ]
| 000 -LEADER | |
|---|---|
| fixed length control field | 01492 a2200253 4500 |
| 005 - DATE AND TIME OF LATEST TRANSACTION | |
| control field | 20080911104633.0 |
| 008 - FIXED-LENGTH DATA ELEMENTS--GENERAL INFORMATION | |
| fixed length control field | 080911t xxu||||| |||| 00| 0 hin d |
| 010 ## - LCCN (DPL NO) | |
| LC control number | HIN-79587 |
| 020 ## - INTERNATIONAL STANDARD BOOK NUMBER | |
| Terms of availability | 225.00 |
| International Standard Book Number | 8126312807 |
| 035 ## - SYSTEM CONTROL NUMBER | |
| System control number | HN-51934 |
| 035 ## - SYSTEM CONTROL NUMBER | |
| System control number | B-317875 |
| 037 ## - SOURCE OF ACQUISITION | |
| Source of stock number/acquisition | D.B.Act / pub |
| 082 ## - DEWEY DECIMAL CLASSIFICATION NUMBER | |
| Classification number | 230.1 |
| 100 ## - MAIN ENTRY--PERSONAL NAME | |
| Personal name | पोद्दार, वासुदेव |
| 245 ## - TITLE STATEMENT | |
| Title | रामायण-महाभारतःकाल,इतिहास,सिद्धान्त |
| Statement of responsibility, etc | वासुदेव पोद्दार |
| 246 ## - VARYING FORM OF TITLE | |
| Title proper/short title | Ramayana-Mahabharata:kal,Itihas,Sidhant |
| 260 ## - PUBLICATION, DISTRIBUTION, ETC. (IMPRINT) | |
| Place of publication, distribution, etc | नई दिल्ली |
| Name of publisher, distributor, etc | भारतीय ज्ञानपीठ |
| Date of publication, distribution, etc | 2006 |
| 270 ## - ADDRESS | |
| Address | 18,इंस्टीट्यूशनल एरिया, लोदी रोड |
| City | नई दिल्ली |
| Postal code | 110003 |
| 300 ## - PHYSICAL DESCRIPTION | |
| Extent | 282पृ |
| Dimensions | 22 सेमी (सजिल्द) |
| 490 ## - SERIES STATEMENT | |
| Series statement | (लोकोदय ग्रंथमालाःग्रंथांक 842) |
| 942 ## - ADDED ENTRY ELEMENTS (KOHA) | |
| Institution code [OBSOLETE] | dpl |
| Item type | Hindi Books |
| Call number prefix | 230.1 / पोद्दार |
| Source of classification or shelving scheme | Dewey Decimal Classification |
| Classification part | 230.1 |
| Call number suffix | पोद्दार |
| Withdrawn status | Lost status | Source of classification or shelving scheme | Damaged status | Not for loan | Home library | Current library | Date acquired | Cost, normal purchase price | Total Checkouts | Full call number | Barcode | Date last seen | Copy number | Cost, replacement price | Koha item type | Collection code | Source of acquisition | Total Renewals |
|---|---|---|---|---|---|---|---|---|---|---|---|---|---|---|---|---|---|---|
| Dewey Decimal Classification | D.B.Act.Division | D.B.Act.Division | 11/09/2008 | 2258.00 | 230.1 पोद्दार | HN-51933 | 15/09/2008 | 1 | 225.00 | Hindi Books | ||||||||
| Dewey Decimal Classification | Vinoba Puri | Vinoba Puri | 12/03/2009 | 225.00 | 7 | 230.1 पोद्दार | B-317875 | 19/04/2014 | 1 | 225.00 | Hindi Books | Non-fiction | dbad / dup | 1 |
